000 00305nam a22001337a 4500
008 171123b xxu||||| |||| 00| 0 eng d
020 _a9780123706065
041 _aeng
080 _a004
100 _a28
101 _aKOM
245 _aCOMPUTER ORGANIZATION AND DESIGN
_cDAVID.P.A
942 _2udc
_cBK
999 _c38322
_d38322